[Event "Kuala Lumpur Varsity-ch 20th"]
[Site "Kuala Lumpur"]
[Date "2016.01.22"]
[Round "3"]
[White "Tan, Wei Hao"]
[Black "Toh, Yew Leong"]
[Result "1-0"]
[WhiteElo "1854"]
[BlackElo "1949"]
[PlyCount "59"]
[EventDate "2016.01.21"]
[EventType "swiss"]
[EventRounds "9"]
[EventCountry "MAS"]
[SourceTitle "CBM 170 Extra"]
[Source "ChessBase"]
[SourceDate "2016.02.25"]
[SourceVersion "1"]
[SourceVersionDate "2016.02.25"]
[SourceQuality "1"]

1. e4 c6 2. d4 d5 3. e5 Bf5 4. g4 Be4 5. f3 Bg6 6. h4 h5 7. Bd3 Bxd3 8. Qxd3 e6 9. Bg5 Qa5+ 10. Nc3 Qa6 11. Qd2 Nd7 12. Nge2 Ne7 13. Ng3 hxg4 14. fxg4 c5 15. Rf1 cxd4 16. Qxd4 Nc6 17. Qd2 Ndxe5 18. Nh5 Nxg4 19. Qf4 f5 20. 0-0-0 Rxh5 21. Nxd5 exd5 22. Qxf5 Nf6 23. Qg6+ Kd7 24. Bxf6 Rh6 25. Qf7+ Ne7 26. Rxd5+ Kc7 27. Bxe7 Bxe7 28. Qxe7+ Kc6 29. Rc5+ Kb6 30. Qc7# 1-0